Cromofobia
Αποθηκεύτηκε σε:
| Κύριος συγγραφέας: | |
|---|---|
| Μορφή: | Βιβλίο |
| Γλώσσα: | Ισπανικά |
| Έκδοση: |
Madrid
Síntesis
2001
|
| Σειρά: | El espíritu y la Letra, 4
|
| Θέματα: | |
| Ετικέτες: |
Προσθήκη ετικέτας
Δεν υπάρχουν, Καταχωρήστε ετικέτα πρώτοι!
|
MARC
| LEADER | 00000cam a2200000 a 4500 | ||
|---|---|---|---|
| 001 | UCF4508 | ||
| 003 | CL-VaPUC | ||
| 008 | 121213e20010000SP |||||||||||||||||spa|d | ||
| 020 | |a 8477389276 | ||
| 082 | 0 | 4 | |a 701.85 |b BAT |2 21 |
| 100 | 0 | |a Batchelor, David |e author |9 566043 | |
| 245 | 1 | 0 | |a Cromofobia |
| 300 | |a 149 p | ||
| 942 | |c BK | ||
| 945 | |d 20121213 00:00:00 |a dcastane | ||
| 260 | |a Madrid |b Síntesis |c 2001 | ||
| 650 | 0 | |a Color |9 265507 | |
| 650 | 0 | |a Teoría del color |9 545404 | |
| 650 | 0 | |a Crítica e interpretación |9 255042 | |
| 650 | 0 | |a Arte moderno |9 265333 | |
| 583 | |a last modification |c 20170518 11:45:48 |k Rodrigo Vera | ||
| 490 | 0 | |a El espíritu y la Letra, 4 | |
| 999 | |c 350285 |d 350283 | ||
| 952 | |0 0 |1 0 |4 0 |6 701_850000000000000_BAT_2001 |7 0 |8 A |9 453553 |a BIBART |b BIBART |d 2019-11-22 |i 4926544 |l 2 |m 2 |o 701.85 BAT 2001 |p 4926544 |r 2025-03-13 |s 2023-11-16 |w 2019-11-22 |y BK |k ART | ||